| 000 | 006290000a22001930004500 | ||
|---|---|---|---|
| 090 |
_aAR _b03885 |
||
| 245 | 1 | 0 | _aAproximación etnográfica de la comunidad Guayabero |
| 300 | _a4-16 | ||
| 650 | 1 | 4 |
_aEtnografía _98269 |
| 650 | 1 | 4 |
_aIndígenas _993177 |
| 650 | 1 | 4 |
_aGuayabero _997708 |
| 650 | 1 | 4 |
_aOrganización social _939102 |
| 650 | 1 | 4 |
_aActividades extractivas _99322 |
| 651 | 4 |
_dGuaviare _pColombia _992749 |
|
| 041 | 0 | _aEspañol | |
| 260 |
_aBogotá _bUniversidad Nacioanal _c1986 |
||
| 942 | _cARTICULO | ||
| 773 | 1 | _tEn Garzón Nivia Cristina,/ Aproximación etnobotánica en la comunidad Guayabero de Barrancon - Guaviare | |
| 999 |
_c12920 _d12920 |
||